| 000 | 00623nam a2200181Ia 4500 | ||
|---|---|---|---|
| 008 | 151018s9999 xx 000 0 und d | ||
| 082 |
_bRBASDV42156 _a891.465 |
||
| 100 | _aअटलबिहारी वाजपेयी | ||
| 245 | _aवदले अटलजी | ||
| 250 | _b2 | ||
| 260 |
_bआदित्य प्रकाशन मुंबई _c2003 |
||
| 300 | _a139 | ||
| 600 | _aअटलबिहारी वाजपेयी | ||
| 630 | _aवदले अटलजी | ||
| 700 | _aअटलबिहारी वाजपेयी | ||
| 730 | _aवदले अटलजी | ||
| 942 | _cBOOK | ||
| 999 |
_c1041385 _d1041382 |
||